| 000 -LEADER |
| fixed length control field |
01535pab a2200181 454500 |
| 008 - FIXED-LENGTH DATA ELEMENTS--GENERAL INFORMATION |
| fixed length control field |
180718b2004 xxu||||| |||| 00| 0 eng d |
| 100 ## - MAIN ENTRY--PERSONAL NAME |
| Personal name |
Felix, Ma Leny E. |
| 245 ## - TITLE STATEMENT |
| Title |
Exploring the indigenous local governance of Manobo tribes in Mindanao |
| 260 ## - PUBLICATION, DISTRIBUTION, ETC. |
| Date of publication, distribution, etc. |
2004 |
| 300 ## - PHYSICAL DESCRIPTION |
| Extent |
p.124-54. |
| 362 ## - DATES OF PUBLICATION AND/OR SEQUENTIAL DESIGNATION |
| Dates of publication and/or sequential designation |
Apr |
| 520 ## - SUMMARY, ETC. |
| Summary, etc. |
Assessment of the indigenous system of governance with special attention to the Manobo tries in Mindanao in response to the call for improvement of the present governance system in both local and national levels of the Philippines is the focus of this article. Manobo or Manuvu tribes have been generally referred to as "river people". They comprise various tribes that are considered lumad found in Mindanao. the Manobo tribes had their own indigenous systems and practices in governance which survived even the coming the colonizers. The author regards these practices as contributions in the context of leadership, participatory mechanisms, conflict resolution and transparency and accountability. The center of governane was the Datu, the peacemaker, arbiter, judge and leader. He was chosen based on a defined set of criteria that were strictly followed. The relevance of and adherence to the customary laws of the Manobo despite the absence of a written constitution is at the heart of their unity and evidences of transparency and accountability. - Reproduced. |
| 650 ## - SUBJECT ADDED ENTRY--TOPICAL TERM |
| Topical term or geographic name entry element |
Tribes |
| 650 ## - SUBJECT ADDED ENTRY--TOPICAL TERM |
| Topical term or geographic name entry element |
Local government |
| 773 ## - HOST ITEM ENTRY |
| Main entry heading |
Philippine Journal of Public Administration |
| 908 ## - PUT COMMAND PARAMETER (RLIN) |
| Put command parameter |
N |
| 909 ## - |
| -- |
77628 |